Дело о дозволении посвятить высочайшему имени государя императора монголо-русско-французского словаря, составленного профессором...

Доступно только в Электронных читальных залах Найти на картеНа карте
RUSMARC
00003810nmc2a22002533x 450
0015b1905a0-63ea-4cde-8e05-e681336a276a
00520250621110430.0
100##$a20241206l18411850k l0rusy0189 ca
1010#$arus
$afre
102##$aRU
105##$ay###
1222#$ad
2001#$aДело о дозволении посвятить высочайшему имени государя императора монголо-русско-французского словаря, составленного профессором Казанского университета Ковалевским
$j12 октября 1841 г. - 18 августа 1850 г.
215##$a138 л.
$d36,5х26 см
251##$cДело
300##$aНа обложке указано: "№72"
300##$aНа русском и французском языках
371##$aДокумент не является опубликованным и широко распространяемым
461#0$10012b5b8419-5ce4-4d16-a7a3-85720a295f1f
$12001
$aКанцелярия министра народного просвещения
$1251
$cФонд
$1852
$j735
462#0$1001562cc287-b13c-4f02-8029-f81535ba1e2e
$12001
$aКанцелярия министра народного просвещения
$1251
$cОпись
$1852
$j2
801#0$aRU
$bРГИА
$c20241206
$gRCR
801#1$aRU
$bГлавНИВЦ
$c20241206
$2rusmarc
801#2$aRU
$bПБ им. Б.Н. Ельцина
$c20250621
$gRCR
$2rusmarc
850##$aРГИА
852##$aРГИА
$eФедеральное казенное учреждение "Российский государственный исторический архив" (РГИА)
$j261
937##$hРГИА
$d12420938
$aASBIBLIO_SCAN
035##$aRusGRCC00083050
856##$uhttp://readingroom.main.prlib.ru/item.aspx?id_node=n196837846&mode=full
Формат отображения